000 01407nam a2200361Ia 4500
001 ebr10176623
003 CaPaEBR
006 m u
007 cr cn|||||||||
008 070319s2007 pau sb 011 0 eng d
010 _z 2007011245
020 _z9789027228413 (hb : alk. paper)
040 _aCaPaEBR
_cCaPaEBR
035 _a(OCoLC)648254356
050 1 4 _aP117
_b.G4685 2007eb
082 0 4 _a808.5
_222
245 0 0 _aGesture and the dynamic dimension of language
_h[electronic resource] :
_bessays in honor of David McNeill /
_cedited by Susan D. Duncan, Justine Cassell, Elena Levy.
260 _aPhiladelphia :
_bJ. Benjamins Pub. Co.,
_cc2007.
300 _avi, 328 p.
490 1 _aGesture studies ;
_vv. 1
504 _aIncludes bibliographical references and index.
533 _aElectronic reproduction.
_bPalo Alto, Calif. :
_cebrary,
_d2009.
_nAvailable via World Wide Web.
_nAccess may be limited to ebrary affiliated libraries.
650 0 _aGesture.
650 0 _aBody language.
655 7 _aElectronic books.
_2local
700 1 _aMcNeill, David.
700 1 _aDuncan, Susan D.
700 1 _aCassell, Justine,
_d1960-
700 1 _aLevy, Elena Terry,
_d1952-
710 2 _aebrary, Inc.
830 0 _aGesture studies ;
_vv. 1.
856 4 0 _uhttp://site.ebrary.com/lib/rucke/Doc?id=10176623
_zAn electronic book accessible through the World Wide Web; click to view
999 _c140017
_d140017